Loading...
| Science - Biology | 0 | 2 | 0 | 0 | 20 | 94 | 96.50 | 0 | 0 |
| Science - Other Science | 0 | 2 | 0 | 1 | 20 | 34 | 70.50 | 0 | 1 |
| History - Other History | 0 | 2 | 0 | 0 | 20 | 83 | 86.00 | 0 | 1 |
| Social Science | 0 | 1 | 0 | 0 | 10 | 88 | 88.00 | 0 | 0 |
| Religion | 0 | 1 | 0 | 1 | 10 | 133 | 133.00 | 0 | 0 |
| Science - Chemistry | 0 | 1 | 0 | 0 | 10 | 78 | 78.00 | 0 | 0 |
| Science - Physics | 0 | 1 | 0 | 0 | 10 | 59 | 59.00 | 0 | 1 |
| Fine Arts - Other Fine Arts | 0 | 1 | 1 | 1 | 5 | 134 | 134.00 | 0 | 0 |
| Literature - British Literature | 0 | 0 | 0 | 0 | 0 | 0.00 | 0 | 0 | |
| Fine Arts - Classical Music | 0 | 0 | 1 | 0 | -5 | 0.00 | 0 | 0 | |
| Philosophy | 0 | 0 | 1 | 0 | -5 | 0.00 | 0 | 0 |